[Event "Elit(Wasa-Skara)"]
[Site "?"]
[Date "2008.03.07"]
[Round "9"]
[White "Collett, Peter"]
[Black "Mohammadi, Amir"]
[Result "0-1"]
[WhiteElo "2262"]
[BlackElo "2301"]
[PlyCount "118"]

1. d4 f5 2. g3 Nf6 3. Bg2 e6 4. Nf3 d5 5. O-O Bd6 6. c4 c6 7. b3 Qe7 8. Bb2 O-O
9. Nbd2 b6 10. Ne5 Bb7 11. Ndf3 Nbd7 12. Nd3 Rac8 13. Nfe5 Rfd8 14. Rc1 Rc7 15.
c5 bxc5 16. dxc5 Nxc5 17. Nxc5 Bxc5 18. Rxc5 Qxc5 19. Nd3 Qe7 20. Be5 Rcc8 21.
b4 Nd7 22. Bd4 e5 23. Bc5 Qf7 24. Qa1 Re8 25. Rc1 Ra8 26. Be3 d4 27. Bd2 Rac8
28. Nc5 Nxc5 29. Rxc5 Qd7 30. a4 Ba6 31. e4 Bd3 32. Qe1 Qd6 33. exf5 Bxf5 34.
Be4 Qg6 35. f3 Bxe4 36. Qxe4 Qxe4 37. fxe4 Kf7 38. Kf2 Ke6 39. Ke2 Kd6 40. Be1
h5 41. Ra5 Rc7 42. g4 hxg4 43. Kd3 Rf8 44. Bg3 Rf3+ 45. Kd2 Re7 46. Ra6 g5 47.
b5 Rc3 48. bxc6 Rxc6 49. Ra5 Rc4 50. Rd5+ Kc6 51. Bxe5 Rxa4 52. Rd6+ Kb7 53.
Rd5 Rf7 54. Bxd4 Rf3 55. Be5 Ra2+ 56. Ke1 Re3+ 57. Kf1 Rxe4 58. Bg3 a5 59. Rd1
a4 0-1

[Event "Elit(Wasa-Skara)"]
[Site "?"]
[Date "2008.03.07"]
[Round "9"]
[White "Eklund, Lars-Goran"]
[Black "Genkin, Michael"]
[Result "1-0"]
[WhiteElo "2355"]
[BlackElo "2339"]
[PlyCount "49"]

1. Nf3 Nf6 2. c4 e6 3. g3 b6 4. Bg2 Bb7 5. O-O c5 6. Nc3 Be7 7. Re1 d5 8. cxd5
Nxd5 9. e4 Nxc3 10. bxc3 O-O 11. d4 cxd4 12. cxd4 Nc6 13. Bb2 Rc8 14. Rc1 Na5
15. Ne5 Rxc1 16. Qxc1 Qd6 17. Qa1 f5 18. f3 Bf6 19. exf5 exf5 20. Bc3 f4 21.
Qb2 Nc6 22. Qb3+ Kh8 23. Nf7+ Rxf7 24. Qxf7 Ne7 25. Qf8+ 1-0

[Event "Elit(Wasa-Skara)"]
[Site "?"]
[Date "2008.03.07"]
[Round "9"]
[White "Astrom, Goran"]
[Black "Friberg, Hans"]
[Result "0-1"]
[WhiteElo "2266"]
[BlackElo "2285"]
[PlyCount "74"]

1. e4 e6 2. d4 d5 3. Nd2 Nf6 4. e5 Nfd7 5. f4 c5 6. c3 Nc6 7. Ndf3 Qb6 8. g3
cxd4 9. cxd4 Bb4+ 10. Kf2 g5 11. fxg5 Ndxe5 12. Nxe5 Nxe5 13. Kg2 Nc6 14. Nf3
Bd6 15. b3 Bd7 16. Bb2 h6 17. Qd2 O-O-O 18. gxh6 f6 19. Be2 Rdg8 20. Rad1 Qc7
21. Rhg1 Bf4 22. Qc3 Rxh6 23. b4 Kb8 24. b5 Ne7 25. Qxc7+ Bxc7 26. Bd3 Nf5 27.
Rge1 Nh4+ 28. Nxh4 Rxh4 29. a4 f5 30. Be2 f4 31. g4 f3+ 32. Kxf3 Rgxg4 33. Rg1
Rf4+ 34. Ke3 Re4+ 35. Kd3 Rh3+ 36. Kd2 Bf4+ 37. Ke1 Rxh2 0-1

[Event "Elit(Wasa-Skara)"]
[Site "?"]
[Date "2008.03.07"]
[Round "9"]
[White "Svensson, Sven"]
[Black "Nordstrom, Felix"]
[Result "1/2-1/2"]
[WhiteElo "2279"]
[BlackElo "2215"]
[PlyCount "44"]
[SourceDate "2008.03.10"]

1. d4 d5 2. c4 c6 3. Nf3 Nf6 4. e3 e6 5. Nbd2 Nbd7 6. Bd3 Bd6 7. O-O O-O 8. Qe2
e5 9. cxd5 cxd5 10. dxe5 Nxe5 11. Nxe5 Bxe5 12. h3 Qe7 13. Nf3 Bd6 14. b3 Ne4
15. Bb2 a6 16. Rac1 Be6 17. Bb1 Rad8 18. Rfd1 f5 19. Bd4 g5 20. Nd2 Ba3 21.
Nxe4 dxe4 22. Bb2 Bb4 1/2-1/2

[Event "Elit(Wasa-Skara)"]
[Site "?"]
[Date "2008.03.07"]
[Round "9"]
[White "Berkell, Peder"]
[Black "Andersson, Goran"]
[Result "1/2-1/2"]
[WhiteElo "2217"]
[BlackElo "2198"]
[PlyCount "36"]

1. d4 Nf6 2. Nf3 g6 3. c4 Bg7 4. Nc3 d5 5. e3 O-O 6. Be2 c5 7. dxc5 Qa5 8. cxd5
Nxd5 9. Qxd5 Bxc3+ 10. bxc3 Qxc3+ 11. Qd2 Qxa1 12. O-O Be6 13. Bb2 Qxa2 14. Ng5
f6 15. Bf3 fxg5 16. Qd4 Rf6 17. Qd8+ Rf8 18. Qd4 Rf6 1/2-1/2

[Event "Elit(Vasteras-Limhamn)"]
[Site "?"]
[Date "2008.03.07"]
[Round "9"]
[White "Ahlander, Bjorn"]
[Black "Akesson, Ralf"]
[Result "1/2-1/2"]
[WhiteElo "2534"]
[BlackElo "2537"]
[PlyCount "160"]
[EventDate "2008.??.??"]

1. d4 Nf6 2. c4 g6 3. Nc3 d5 4. cxd5 Nxd5 5. e4 Nxc3 6. bxc3 Bg7 7. Bc4 c5 8.
Nf3 O-O 9. h3 Nc6 10. Be3 Na5 11. Bd3 f5 12. O-O Kh8 13. Qe2 f4 14. Bd2 cxd4
15. Nxd4 e5 16. Nf3 Be6 17. c4 Nc6 18. Rab1 Rf7 19. Bc3 Nd4 20. Bxd4 exd4 21.
Rb5 Rc7 22. Rfb1 b6 23. Ng5 Bg8 24. Qg4 Qd6 25. a4 Rf8 26. Qe2 Qe7 27. Nf3 Rfc8
28. Nd2 Qa3 29. a5 bxa5 30. e5 a6 31. Rb6 Re8 32. Nf3 Rce7 33. Qe4 Qc5 34. Rc6
Qa7 35. Rbb6 Bxe5 36. Nxe5 Rxe5 37. Qxd4 Qg7 38. Qxf4 Re1+ 39. Kh2 Rd1 40. Be4
Rf8 41. Rf6 Rxf6 42. Rxf6 Rd4 43. Rxa6 Qe7 44. f3 Bxc4 45. Rxa5 Qd6 46. Re5 Kg7
47. h4 Qf6 48. Qxf6+ Kxf6 49. Rc5 Bf7 50. g4 h6 51. Kg3 Rd7 52. Rc6+ Kg7 53.
Kf4 Re7 54. Rd6 Be8 55. Bd5 Rd7 56. Rxd7+ Bxd7 57. Ke5 g5 58. hxg5 hxg5 59. Bb7
Kg6 60. Kd6 Bb5 61. Ke6 Kh6 62. Kf6 Bc4 63. Be4 Bb3 64. Bg6 Bc2 65. Bf5 Bd1 66.
Be4 Be2 67. Bd5 Bd1 68. Bc6 Be2 69. Bb7 Bd1 70. Bd5 Be2 71. Ba8 Bd1 72. Be4 Be2
73. Bd5 Bd1 74. f4 gxf4 75. g5+ Kh5 76. g6 f3 77. g7 f2 78. Bf3+ Bxf3 79. g8=Q
Kh4 80. Qc4+ Kg3 1/2-1/2

[Event "Elit(Vasteras-Limhamn)"]
[Site "?"]
[Date "2008.03.07"]
[Round "9"]
[White "Nilsson, Andre"]
[Black "Brynell, Stellan"]
[Result "1/2-1/2"]
[WhiteElo "2323"]
[BlackElo "2602"]
[PlyCount "162"]

1. g3 d5 2. Bg2 Nf6 3. Nf3 c5 4. O-O Nc6 5. d3 g6 6. Nbd2 Bg7 7. e4 O-O 8. exd5
Nxd5 9. Re1 b6 10. a3 Bb7 11. Rb1 e6 12. h4 h6 13. c4 Nde7 14. Ne4 Nf5 15. b4
cxb4 16. axb4 Qe7 17. c5 Ncd4 18. Bb2 Rfd8 19. Nxd4 Nxd4 20. Nd6 Bxg2 21. Kxg2
a5 22. Qg4 axb4 23. Bxd4 Bxd4 24. Qxd4 bxc5 25. Qxc5 Qxd6 26. Qxd6 Rxd6 27.
Rxb4 Rxd3 28. Reb1 Kg7 29. R1b3 Rxb3 30. Rxb3 Ra4 31. Kf3 Kf6 32. Rc3 Kf5 33.
Rb3 Ke5 34. Rb5+ Kf6 35. Rb3 Rc4 36. Ra3 Ke5 37. Ra5+ Kd6 38. Ra6+ Rc6 39. Ra3
f5 40. Rd3+ Ke7 41. Ra3 Kf6 42. Rb3 Rc4 43. Ra3 Rc1 44. Rb3 Rg1 45. Ra3 g5 46.
hxg5+ hxg5 47. Rb3 g4+ 48. Ke2 Ra1 49. Rb5 Ra4 50. Rc5 Rd4 51. Ra5 Rd5 52. Ra6
Ke5 53. Ke3 Rb5 54. Ke2 Kd5 55. Ke3 Rb3+ 56. Ke2 Rc3 57. Ra5+ Kd4 58. Ra4+ Rc4
59. Ra2 e5 60. Kf1 Kd3 61. Ra5 Ke4 62. Kg2 Rd4 63. Ra3 Rd2 64. Re3+ Kd5 65. Ra3
f4 66. gxf4 exf4 67. Ra8 Ke4 68. Ra4+ Rd4 69. Ra3 Ke5 70. Ra5+ Rd5 71. Ra8 Rd6
72. Ra5+ Kf6 73. Rb5 Re6 74. Rb8 Kg5 75. Rg8+ Kf5 76. Rf8+ Rf6 77. Ra8 Kg5 78.
Rg8+ Rg6 79. Ra8 Rh6 80. Rg8+ Kh4 81. f3 gxf3+ 1/2-1/2

[Event "Elit(Vasteras-Limhamn)"]
[Site "?"]
[Date "2008.03.07"]
[Round "9"]
[White "Schneider, Stefan"]
[Black "Eriksson, Anders"]
[Result "1/2-1/2"]
[WhiteElo "2453"]
[BlackElo "2380"]
[PlyCount "90"]
[SourceDate "2008.03.11"]

1. d4 Nf6 2. c4 e6 3. Nf3 Bb4+ 4. Nbd2 O-O 5. a3 Be7 6. e4 d5 7. Qc2 dxe4 8.
Nxe4 Nbd7 9. Bd3 b6 10. O-O Bb7 11. Rd1 Nxe4 12. Bxe4 Bxe4 13. Qxe4 Nf6 14. Qb7
Qc8 15. Qc6 Rd8 16. Bf4 Ne8 17. b4 Bd6 18. Bg5 f6 19. Be3 Qd7 20. Qe4 c6 21.
Rac1 Bf8 22. Qb1 b5 23. Bf4 a5 24. Re1 axb4 25. axb4 Nd6 26. Bxd6 Bxd6 27. Qe4
Re8 28. cxb5 cxb5 29. d5 e5 30. Rc6 Ra4 31. Rb1 Rea8 32. h3 Ra1 33. g4 Rxb1+
34. Qxb1 Ra4 35. Qc2 Rxb4 36. Rc8+ Kf7 37. Rh8 e4 38. Nh4 Rc4 39. Qa2 Ra4 40.
Qc2 Be5 41. Qc5 Bd6 42. Qb6 Bc7 43. Qc5 Bd6 44. Qb6 Bc7 45. Qc5 Ra1+ 1/2-1/2

[Event "Elit(Vasteras-Limhamn)"]
[Site "?"]
[Date "2008.03.07"]
[Round "9"]
[White "Kretz, Johan"]
[Black "Jepson, Christian"]
[Result "1/2-1/2"]
[WhiteElo "2222"]
[BlackElo "2438"]
[PlyCount "65"]

1. d4 Nf6 2. Nf3 g6 3. c4 c5 4. Nc3 Bg7 5. d5 O-O 6. e4 d6 7. h3 e5 8. Bg5 Na6
9. Bd3 Bd7 10. Rb1 h6 11. Bd2 Nh5 12. g3 f5 13. Nh4 Nb4 14. Be2 Nf4 15. Bxf4
exf4 16. Nxg6 fxg3 17. Nxf8 gxf2+ 18. Kf1 Qxf8 19. a3 Na6 20. exf5 Re8 21. Qd2
Bxf5 22. Bd3 Bd4 23. Ne2 Re3 24. Bxf5 Qxf5 25. Nxd4 Qxb1+ 26. Kxf2 Qxh1 27.
Qxe3 Qh2+ 28. Ke1 cxd4 29. Qe8+ Kg7 30. Qe7+ Kg6 31. Qe6+ Kg5 32. Qg4+ Kf6 33.
Qe6+ 1/2-1/2

[Event "Elit(Vasteras-Limhamn)"]
[Site "?"]
[Date "2008.03.07"]
[Round "9"]
[White "Penalver, Osmani"]
[Black "Janse, Rasmus"]
[Result "0-1"]
[WhiteElo "2280"]
[BlackElo "2214"]
[PlyCount "84"]

1. d4 e6 2. c4 c5 3. d5 exd5 4. cxd5 d6 5. Nc3 Nf6 6. e4 g6 7. Nf3 a6 8. a4 Bg4
9. Be2 Bxf3 10. Bxf3 Bg7 11. O-O O-O 12. Bf4 Re8 13. a5 Qc7 14. g4 Nfd7 15. Bg2
Ne5 16. Bg3 Nbd7 17. f4 Nc4 18. Qe2 Nxa5 19. e5 Nb3 20. Rad1 Nd4 21. Qf2 dxe5
22. d6 Qxd6 23. fxe5 Nxe5 24. Bxe5 Bxe5 25. Qxf7+ Kh8 26. Ne4 Qe7 27. Qxe7 Rxe7
28. Nxc5 Rc8 29. Nxb7 Rc2 30. Nd8 Kg7 31. b4 Rc4 32. Rb1 Rd7 33. Nb7 Ne2+ 34.
Kh1 Rxg4 35. Rbe1 Rd2 36. Bf3 Rh4 37. Rxe2 Rxe2 38. Bxe2 Rxh2+ 39. Kg1 Rxe2 40.
Nc5 Bd4+ 41. Kh1 Bxc5 42. bxc5 Rc2 0-1

[Event "Elit(Vasteras-Limhamn)"]
[Site "?"]
[Date "2008.03.07"]
[Round "9"]
[White "Norberg, Erik"]
[Black "Eriksson, Magnus"]
[Result "0-1"]
[WhiteElo "2281"]
[BlackElo "2427"]
[PlyCount "60"]

1. c4 Nf6 2. Nc3 d5 3. cxd5 Nxd5 4. g3 g6 5. Bg2 Nb6 6. Nf3 Bg7 7. O-O O-O 8.
Qc2 Nc6 9. a3 a5 10. b3 e5 11. Bb2 h6 12. Ne4 f5 13. Nc5 e4 14. Ne1 Nd4 15.
Bxd4 Qxd4 16. Rb1 Nd5 17. e3 Qe5 18. f3 exf3 19. Nxf3 Qd6 20. Rfc1 Nc3 21. dxc3
Qxc5 22. Nd4 Qxa3 23. Qd3 Qe7 24. Re1 Kh7 25. e4 f4 26. e5 c5 27. Nb5 Bf5 28.
Be4 Rad8 29. Qc4 fxg3 30. hxg3 Qxe5 0-1

[Event "Elit(Vasteras-Limhamn)"]
[Site "?"]
[Date "2008.03.07"]
[Round "9"]
[White "Tadjerbashi, Amir"]
[Black "Wikstrom, Per"]
[Result "1/2-1/2"]
[WhiteElo "2259"]
[BlackElo "2181"]
[PlyCount "52"]

1. e4 e6 2. d4 d5 3. Nd2 c5 4. exd5 Qxd5 5. Ngf3 cxd4 6. Bc4 Qd6 7. O-O Nf6 8.
Nb3 Nc6 9. Nbxd4 Nxd4 10. Nxd4 a6 11. Re1 Qc7 12. Bb3 Bc5 13. Bg5 O-O 14. Bxf6
gxf6 15. Qg4+ Kh8 16. Qh4 Be7 17. Re3 Rg8 18. c3 f5 19. Qh5 Bf6 20. Rh3 Rg7 21.
Re1 Qf4 22. Rg3 Bd7 23. Ne2 Qh4 24. Qxh4 Bxh4 25. Rxg7 Kxg7 26. Rd1 Rd8 1/2-1/2

[Event "Elit(Vasteras-Limhamn)"]
[Site "?"]
[Date "2008.03.07"]
[Round "9"]
[White "Sandberg, Richard"]
[Black "Eklund, Joel"]
[Result "1-0"]
[WhiteElo "2110"]
[BlackElo "2249"]
[PlyCount "151"]

1. e4 c5 2. Nf3 e6 3. d4 cxd4 4. Nxd4 a6 5. Nc3 Qc7 6. Bd3 Bc5 7. Nb3 Be7 8.
O-O Nf6 9. f4 d6 10. Qe2 Nbd7 11. Bd2 b6 12. Rae1 Bb7 13. Rf3 O-O 14. Rh3 g6
15. e5 Nd5 16. Nxd5 Bxd5 17. c4 Bb7 18. exd6 Bxd6 19. Bc3 Bxf4 20. Bxg6 fxg6
21. Qxe6+ Rf7 22. Qxg6+ Kf8 23. Rxh7 Rxh7 24. Qxh7 Bxh2+ 25. Qxh2 Qxh2+ 26.
Kxh2 Re8 27. Rxe8+ Kxe8 28. Bd4 Ke7 29. g4 Ke6 30. Kg3 Be4 31. Kf4 Bb1 32. a3
Bd3 33. Nd2 b5 34. cxb5 axb5 35. g5 Kd5 36. Nf3 Be4 37. Bc3 Nc5 38. Nd4 b4 39.
axb4 Nd3+ 40. Ke3 Bg6 41. Nf3 Kc4 42. b5 Kxb5 43. Nh4 Bh7 44. g6 Bxg6 45. Nxg6
Nxb2 46. Bxb2 Kc6 47. Bd4 Kd5 48. Ne5 Kd6 49. Ke4 Kc7 50. Bc5 Kb7 51. Kd5 Kc7
52. Ke6 Kb7 53. Bd6 Kb6 54. Kd5 Kb7 55. Nd7 Ka7 56. Kc6 Ka8 57. Nb6+ Ka7 58.
Be5 Ka6 59. Bb8 Ka5 60. Nd5 Ka4 61. Kc5 Kb3 62. Nb4 Kc3 63. Bf4 Kb2 64. Kc4 Ka3
65. Nd3 Ka4 66. Bd2 Ka3 67. Bb4+ Ka2 68. Kc3 Kb1 69. Ba3 Ka2 70. Bc1 Kb1 71.
Kb3 Ka1 72. Ba3 Kb1 73. Ne5 Ka1 74. Nc4 Kb1 75. Nd2+ Ka1 76. Bb2# 1-0

[Event "Elit(Sollentuna-Astorp)"]
[Site "?"]
[Date "2008.03.07"]
[Round "9"]
[White "Sjodahl, Pontus"]
[Black "Cramling, Pia"]
[Result "1/2-1/2"]
[WhiteElo "2487"]
[BlackElo "2610"]
[PlyCount "65"]

1. d4 d5 2. c4 c6 3. Nf3 Nf6 4. Qc2 dxc4 5. Qxc4 Bf5 6. g3 e6 7. Bg2 Be7 8. O-O
Nbd7 9. Bg5 O-O 10. Nc3 Re8 11. Rac1 h6 12. Bxf6 Bxf6 13. Rfd1 Qb6 14. b4 Be7
15. a3 a5 16. Na4 Qc7 17. Qb3 axb4 18. axb4 Be4 19. Nc3 Bxf3 20. Bxf3 Qb6 21.
Rb1 Rec8 22. e3 g6 23. Na4 Qb5 24. Nc5 Nxc5 25. bxc5 Qxb3 26. Rxb3 Rc7 27. Rdb1
Ra7 28. Kg2 e5 29. d5 cxd5 30. Bxd5 Bxc5 31. Rxb7 Raxb7 32. Rxb7 Rxb7 33. Bxb7
1/2-1/2

[Event "Elit(Sollentuna-Astorp)"]
[Site "?"]
[Date "2008.03.07"]
[Round "9"]
[White "Ivanov, Sergej"]
[Black "Tairi, Faruk"]
[Result "1-0"]
[WhiteElo "2620"]
[BlackElo "2461"]
[PlyCount "85"]

1. d4 Nf6 2. c4 g6 3. Nc3 Bg7 4. e4 d6 5. Nf3 O-O 6. Be2 e5 7. O-O exd4 8. Nxd4
Re8 9. f3 c6 10. Kh1 Nbd7 11. Bg5 h6 12. Be3 d5 13. cxd5 cxd5 14. Ndb5 Nb6 15.
Bf4 Re7 16. Qb3 Nh5 17. Bd6 d4 18. Nd5 Nxd5 19. Qxd5 Be6 20. Bxe7 Qxe7 21. Qd6
Qh4 22. g3 Qf6 23. f4 a6 24. Nc7 Rd8 25. e5 Rxd6 26. exf6 Nxf6 27. Nxe6 fxe6
28. Bd3 g5 29. Rac1 gxf4 30. gxf4 Nd5 31. Rc8+ Kf7 32. f5 e5 33. Rg1 b5 34. a4
Bf6 35. axb5 axb5 36. Rgg8 Be7 37. Rh8 Nf6 38. Rxh6 e4 39. Bxb5 Bd8 40. Rh8 Be7
41. Rc7 Kg7 42. Rh4 Nd5 43. Rxe4 1-0

[Event "Elit(Sollentuna-Astorp)"]
[Site "?"]
[Date "2008.03.07"]
[Round "9"]
[White "Jakobsen, Ole"]
[Black "Agrest, Evgenij"]
[Result "0-1"]
[WhiteElo "2374"]
[BlackElo "2668"]
[PlyCount "106"]

1. d4 d5 2. c4 c6 3. Nc3 Nf6 4. cxd5 cxd5 5. Bf4 Qb6 6. Qd2 Nc6 7. e3 e6 8. Bd3
Nh5 9. Bg3 Be7 10. Nge2 Bd7 11. Nf4 Nxg3 12. hxg3 h6 13. Rc1 Rc8 14. g4 Qd8 15.
f3 Bd6 16. Nfe2 e5 17. Nxd5 O-O 18. Kf2 Be6 19. Ndc3 exd4 20. Nxd4 Nxd4 21.
exd4 Qf6 22. Bb1 Bf4 23. Qd3 Rfd8 24. Rcd1 g6 25. g3 Bc7 26. Kg2 Qg7 27. Qe3
Bb6 28. Qxh6 Qxh6 29. Rxh6 Bxd4 30. Rhh1 Bxc3 31. bxc3 Rxd1 32. Rxd1 Rxc3 33.
Rd2 Kf8 34. Kf2 Ke7 35. g5 b6 36. f4 Ra3 37. Kg2 b5 38. Kf2 b4 39. Kg2 a5 40.
Kf2 Rc3 41. Bc2 Kf8 42. Rd8+ Ke7 43. Rd2 Ke8 44. Re2 Kd7 45. Ba4+ Kd6 46. Rd2+
Kc5 47. Bb3 Bxb3 48. axb3 Kc6 49. Rb2 Kb6 50. Re2 Rxb3 51. Re7 a4 52. Rxf7 a3
53. Rf6+ Kb5 0-1

[Event "Elit(Sollentuna-Astorp)"]
[Site "?"]
[Date "2008.03.07"]
[Round "9"]
[White "Ernst, Thomas"]
[Black "Hoi, Carsten"]
[Result "0-1"]
[WhiteElo "2526"]
[BlackElo "2404"]
[PlyCount "86"]

1. e4 g6 2. d4 Bg7 3. c4 d6 4. Nc3 Nc6 5. Be3 e5 6. d5 Nce7 7. Qd2 f5 8. f3 Nf6
9. Bd3 O-O 10. Nge2 Bd7 11. h3 Kh8 12. g4 a6 13. a3 c6 14. O-O-O cxd5 15. cxd5
b5 16. Kb1 Qb8 17. b4 a5 18. Nc1 axb4 19. axb4 Nc8 20. Nb3 Nb6 21. Na5 Nc4 22.
Bxc4 bxc4 23. Qb2 Qc7 24. Kc2 fxe4 25. fxe4 Nxe4 26. Nxe4 Ba4+ 27. Kc3 Rfb8 28.
Nxc4 Bxd1 29. Rxd1 Rc8 30. Bc5 dxc5 31. bxc5 Rf8 32. Qb6 Qf7 33. Rd3 Qf1 34.
Qb3 Rfb8 35. Nb6 Qe1+ 36. Nd2 e4+ 37. Kb4 exd3 38. Qxd3 Qe8 39. Qb3 Qe1 40. Qc2
Qe5 41. Qd3 Rxb6+ 42. cxb6 Qd6+ 43. Kb5 Qd7+ 0-1

[Event "Elit(Sollentuna-Astorp)"]
[Site "?"]
[Date "2008.03.07"]
[Round "9"]
[White "Ivarsson, Stefan"]
[Black "Dzevlan, Miralem"]
[Result "1/2-1/2"]
[WhiteElo "2311"]
[BlackElo "2454"]
[PlyCount "66"]

1. g3 d5 2. Bg2 g6 3. c4 c6 4. cxd5 cxd5 5. Qb3 e6 6. Nf3 Bg7 7. O-O Nc6 8. d3
Nge7 9. e4 O-O 10. Nc3 d4 11. Ne2 e5 12. Ne1 Qa5 13. f4 Be6 14. Qd1 f6 15. Qd2
Rac8 16. Qxa5 Nxa5 17. Bd2 b6 18. fxe5 fxe5 19. Nc1 Rfe8 20. Bf3 Rc7 21. Bd1
Rec8 22. b4 Nb7 23. Bb3 Nd8 24. Bxe6+ Nxe6 25. Nb3 a6 26. Nf3 Rc2 27. Rfc1 Kf7
28. Kf1 Rxc1+ 29. Rxc1 Rxc1+ 30. Nxc1 Nc6 31. Ke2 Bf8 32. a3 Kf6 33. Kd1 h5
1/2-1/2

[Event "Elit(Sollentuna-Astorp)"]
[Site "?"]
[Date "2008.03.07"]
[Round "9"]
[White "Couso, Luis"]
[Black "Petersson, Gosta"]
[Result "1-0"]
[WhiteElo "2350"]
[BlackElo "2242"]
[PlyCount "65"]

1. e4 e6 2. d4 d5 3. Nc3 Bb4 4. e5 c5 5. a3 Bxc3+ 6. bxc3 Qc7 7. Nf3 Ne7 8. h4
Bd7 9. h5 Ba4 10. h6 gxh6 11. Ra2 Nbc6 12. Bxh6 O-O-O 13. Bg5 cxd4 14. cxd4 Rd7
15. Bd3 Nxd4 16. Nxd4 Qc3+ 17. Kf1 Qxd4 18. Rh4 Qxe5 19. Bxe7 Bc6 20. Bb4 f5
21. f4 Qf6 22. Qe1 Rg8 23. c3 Rdg7 24. Bd6 Rg3 25. Rxh7 Qg6 26. Rc7+ Kd8 27.
Rxc6 bxc6 28. Qb1 Kd7 29. Be5 Rxg2 30. Qb7+ Kd8 31. Qc7+ Ke8 32. Qxc6+ Ke7 33.
Qc7+ 1-0

[Event "Elit(Sollentuna-Astorp)"]
[Site "?"]
[Date "2008.03.07"]
[Round "9"]
[White "Tallinger, Thomas"]
[Black "Agrest, Svetlana"]
[Result "0-1"]
[WhiteElo "2202"]
[BlackElo "2296"]
[PlyCount "120"]

1. e4 d6 2. Nc3 e5 3. Bc4 Nf6 4. h3 Be7 5. Nf3 O-O 6. d3 c6 7. Bb3 d5 8. O-O
dxe4 9. Nxe4 Nxe4 10. dxe4 Nd7 11. Re1 h6 12. Bd2 a5 13. a3 Qc7 14. Bc3 Bf6 15.
Ba2 Nc5 16. b4 axb4 17. axb4 Ne6 18. Qc1 Bd7 19. Qb2 Ng5 20. Nxe5 Bxh3 21. f4
Qb6+ 22. Bd4 Bxe5 23. fxe5 Qd8 24. Qc3 Be6 25. Bxe6 Nxe6 26. Rxa8 Qxa8 27. Bb6
Qa6 28. Qe3 Qc4 29. c3 Ra8 30. Ba5 Qb5 31. Qb6 Qxb6+ 32. Bxb6 Ra3 33. Re3 Kf8
34. Rd3 Ke7 35. Be3 Ra2 36. Bd2 Rc2 37. Kf1 Nf8 38. Rd6 Ng6 39. Be3 Nxe5 40.
Bc5 Ke8 41. Rd1 Rxc3 42. Bd4 Rd3 43. Rxd3 Nxd3 44. b5 f6 45. bxc6 bxc6 46. Ke2
Ne5 47. Ke3 Ke7 48. Bc5+ Ke6 49. Bb4 g5 50. Bf8 h5 51. Bc5 Nd7 52. Bb4 c5 53.
Ba3 Kd6 54. Bb2 Ne5 55. Bc3 Kc6 56. Be1 Kb5 57. Ke2 Kc4 58. Ke3 Ng4+ 59. Kf3
Kd3 60. Ba5 c4 0-1

[Event "Elit(Sollentuna-Astorp)"]
[Site "?"]
[Date "2008.03.07"]
[Round "9"]
[White "Bergstrom, Peter"]
[Black "Nilsson, Anders"]
[Result "1/2-1/2"]
[WhiteElo "2349"]
[BlackElo "2222"]
[PlyCount "46"]

1. e4 e6 2. d4 d5 3. Nc3 Bb4 4. e5 c5 5. a3 Bxc3+ 6. bxc3 Ne7 7. a4 Qa5 8. Bd2
Nbc6 9. Bb5 c4 10. Qg4 O-O 11. Bxc6 Nxc6 12. Ne2 f6 13. exf6 Rxf6 14. Qh4 Bd7
15. O-O Raf8 16. Bg5 R6f7 17. Qg3 Bc8 18. Bf4 Qd8 19. Bd6 Re8 20. Be5 Bd7 21.
Qe3 Ne7 22. Qc1 Bc6 23. Qa3 Ng6 1/2-1/2

[Event "Elit(LASK-Rockaden)"]
[Site "?"]
[Date "2008.03.07"]
[Round "9"]
[White "Nielsen, Peter Heine"]
[Black "Tikkanen, Hans"]
[Result "1-0"]
[WhiteElo "2675"]
[BlackElo "2497"]
[PlyCount "119"]

1. d4 d5 2. c4 e6 3. Nf3 c6 4. e3 Bd6 5. Bd3 f5 6. O-O Nf6 7. b3 O-O 8. Ba3
Bxa3 9. Nxa3 Ne4 10. b4 a6 11. Nc2 b5 12. c5 Nd7 13. Ne5 Qc7 14. f3 Nc3 15. Qe1
Na4 16. Nxd7 Bxd7 17. Rb1 a5 18. f4 axb4 19. Nxb4 Ra7 20. Kh1 Be8 21. Bc2 Rf6
22. Nd3 Ra6 23. Rb4 Qa7 24. Qd2 Rf7 25. Rg1 h5 26. Rbb1 Qb8 27. Nb4 Raa7 28.
Bd1 g6 29. Nd3 Ra8 30. Rb4 Rfa7 31. Bc2 Qd8 32. Rgb1 Ra6 33. Qe1 Kf8 34. Bd1
Qf6 35. Rc1 R8a7 36. Qg3 Ke7 37. Kg1 Ra8 38. Qg5 R6a7 39. h3 Ra6 40. Kf2 R8a7
41. Ke1 Kf7 42. Kd2 Kg7 43. Bc2 Qf8 44. Rh1 Qh8 45. Rbb1 Kf8 46. Nb4 Ra5 47.
Qd8 Kg7 48. g4 Qf8 49. gxh5 Qe7 50. Qxe7+ Rxe7 51. hxg6 Kxg6 52. Nd3 Kh6 53.
Rhg1 Raa7 54. Rg5 e5 55. dxe5 Bh5 56. Rbg1 Re6 57. Rxf5 Bg6 58. Rf8 Bxd3 59.
Bxd3 Nxc5 60. Rh8+ 1-0

[Event "Elit(LASK-Rockaden)"]
[Site "?"]
[Date "2008.03.07"]
[Round "9"]
[White "Lund, Esben"]
[Black "Karlsson, Lars"]
[Result "1-0"]
[WhiteElo "2474"]
[BlackElo "2538"]
[PlyCount "75"]

1. d4 d6 2. c4 g6 3. e4 Bg7 4. Nc3 Nc6 5. Be3 e5 6. d5 Nce7 7. g4 f5 8. gxf5
gxf5 9. Qh5+ Kf8 10. exf5 Nf6 11. Qd1 Bxf5 12. Nge2 Qd7 13. Ng3 Ng6 14. Bd3
Bxd3 15. Qxd3 Qg4 16. h3 Nf4 17. hxg4 Nxd3+ 18. Ke2 Nf4+ 19. Kf3 Ng6 20. g5 e4+
21. Ke2 Ng4 22. Ngxe4 Re8 23. Rag1 Nxe3 24. fxe3 Bxc3 25. Nxc3 Kg7 26. Nb5 Re7
27. Nd4 Kf7 28. Ne6 Ke8 29. Rh6 Rg8 30. Rf1 Nf8 31. Rhf6 Ng6 32. b4 a6 33. a4
Kd7 34. c5 a5 35. bxa5 dxc5 36. Nxc5+ Kc8 37. a6 bxa6 38. Rxa6 1-0

[Event "Elit(LASK-Rockaden)"]
[Site "?"]
[Date "2008.03.07"]
[Round "9"]
[White "Barkhagen, Jonas"]
[Black "Smith, Axel"]
[Result "1-0"]
[WhiteElo "2549"]
[BlackElo "2463"]
[PlyCount "105"]

1. d4 d5 2. c4 c6 3. Nf3 e6 4. Nc3 dxc4 5. e4 b5 6. a4 Bb4 7. Bd2 Nf6 8. Qb1
Bxc3 9. bxc3 a6 10. g3 Nbd7 11. Bg2 Bb7 12. O-O h6 13. Re1 O-O 14. e5 Nd5 15.
Qe4 Qe7 16. Bh3 c5 17. Qg4 f5 18. exf6 N5xf6 19. Qxe6+ Qxe6 20. Bxe6+ Kh8 21.
Nh4 Rfd8 22. Ng6+ Kh7 23. Bf5 Kg8 24. Re7 Bc6 25. Bxh6 Ne8 26. d5 Bxd5 27. Rxd7
Rxd7 28. Bxd7 Be4 29. Ne7+ Kf8 30. Bg5 b4 31. Re1 Bd3 32. cxb4 cxb4 33. Nd5 b3
34. Be7+ Kf7 35. Ba3 Nf6 36. Nxf6 gxf6 37. Bb2 Ra7 38. Be6+ Kg7 39. Rc1 Rc7 40.
Rc3 Rc6 41. Bg4 Rc7 42. f4 Re7 43. Kf2 Kg6 44. Rc1 Bc2 45. Bd1 Bd3 46. Bf3 Rc7
47. Bc3 Rc8 48. Rd1 Rb8 49. Rd2 Bc2 50. Be2 Rb4 51. Bxb4 b2 52. Bd1 b1=Q 53.
Bxc2+ 1-0

[Event "Elit(LASK-Rockaden)"]
[Site "?"]
[Date "2008.03.07"]
[Round "9"]
[White "Olsson, Linus"]
[Black "Cmilyte, Viktorija"]
[Result "1/2-1/2"]
[WhiteElo "2465"]
[BlackElo "2525"]
[PlyCount "96"]

1. Nf3 f5 2. g3 Nf6 3. Bg2 g6 4. d4 Bg7 5. c4 d6 6. O-O O-O 7. Nc3 c6 8. b3 Na6
9. Bb2 Qe8 10. d5 Bd7 11. Rc1 c5 12. Nd2 Nc7 13. e4 b5 14. Ba1 b4 15. Ne2 fxe4
16. Nxe4 Nxe4 17. Bxe4 Qf7 18. Qd3 Bh3 19. Bg2 Bxg2 20. Kxg2 Rae8 21. Bxg7 Kxg7
22. Ng1 e6 23. dxe6 Rxe6 24. f4 Qf5 25. Qxf5 gxf5 26. Rfe1 Rfe8 27. Kf2 Rxe1
28. Rxe1 Rxe1 29. Kxe1 d5 30. cxd5 Nxd5 31. Ne2 Kf6 32. Kd2 Ke6 33. Kd3 Nb6 34.
Ng1 Kd5 35. Nf3 c4+ 36. bxc4+ Nxc4 37. Nh4 Nd6 38. Ng2 a5 39. Ne3+ Kc5 40. g4
fxg4 41. Nxg4 a4 42. Ne3 Ne8 43. Ng4 h5 44. Ne3 Nf6 45. f5 Nd5 46. Nxd5 Kxd5
47. f6 Ke6 48. Kc4 b3 1/2-1/2

[Event "Elit(LASK-Rockaden)"]
[Site "?"]
[Date "2008.03.07"]
[Round "9"]
[White "Engqvist, Thomas"]
[Black "Semcesen, Daniel"]
[Result "1/2-1/2"]
[WhiteElo "2427"]
[BlackElo "2413"]
[PlyCount "54"]

1. c4 f5 2. Nc3 Nf6 3. Nf3 g6 4. b3 Bg7 5. Bb2 d6 6. d4 O-O 7. d5 c6 8. Rc1 Na6
9. e3 Ne4 10. Nd4 c5 11. Ndb5 Nb4 12. a3 Na2 13. Rc2 Qa5 14. Bd3 a6 15. O-O
axb5 16. Nxa2 Bxb2 17. Rxb2 Qxa3 18. Qc2 Nf6 19. Nc3 Bd7 20. cxb5 Qb4 21. Bc4
Ng4 22. Na2 Qa5 23. h3 Nf6 24. Nc3 Qb4 25. Na2 Qa5 26. Nc3 Qb4 27. Na2 Qa5
1/2-1/2

[Event "Elit(LASK-Rockaden)"]
[Site "?"]
[Date "2008.03.07"]
[Round "9"]
[White "Bejtovic, Jasmin"]
[Black "Olsson, Anders"]
[Result "1-0"]
[WhiteElo "2404"]
[BlackElo "2484"]
[PlyCount "81"]

1. e4 e6 2. d4 d5 3. Nc3 Bb4 4. e5 c5 5. a3 Bxc3+ 6. bxc3 Ne7 7. Nf3 Qc7 8. Bd3
b6 9. O-O Ba6 10. Bxa6 Nxa6 11. Qe2 Nb8 12. a4 Nd7 13. Ba3 O-O 14. dxc5 bxc5
15. c4 dxc4 16. Qxc4 Nxe5 17. Nxe5 Qxe5 18. Qxc5 Nd5 19. c4 Rfc8 20. Qb5 a6 21.
Qb7 Nc3 22. c5 Nxa4 23. Rfe1 Qc7 24. Qb4 Qc6 25. Red1 Rab8 26. Qd4 h6 27. Rd3
Nxc5 28. Rg3 e5 29. Qxe5 f6 30. Qe7 Ne6 31. Qxf6 Rb7 32. h4 Rf7 33. Qe5 Nf4 34.
Bb2 Rcc7 35. Rc1 Qb5 36. Rxc7 Ne2+ 37. Kh2 Nxg3 38. Qxb5 axb5 39. Rxf7 Nf1+ 40.
Kg1 Kxf7 41. Kxf1 1-0